| 000 | 01351nam a22002777a 4500 | ||
|---|---|---|---|
| 003 | DO-SdBNP | ||
| 005 | 20250204132423.0 | ||
| 007 | ta | ||
| 008 | 240402e2016 dr ahc|| |||| 00| e spa d | ||
| 020 | _a9789945086041 | ||
| 040 |
_aDO-SdBNP _bspa _cBNPHU _erda |
||
| 082 | 4 |
_axxx _bA174q _222 |
|
| 245 | 1 | 3 |
_aLo que yo ví: _bpáginas de historia contemporánea 1895-1958 / _cAgustín A. Acevedo Fabián ; editor, Manuel Ulises Bonnelly Vega. |
| 264 | 1 |
_aSanto Domingo : _bEditora El Nuevo Diario, _c2016. |
|
| 300 |
_a508 páginas : _bIlustraciones, facsímil, retratos ; _c23 cm |
||
| 336 |
_atexto _btxt _2rdacontent |
||
| 337 |
_asin mediación _bn _2rdamedia |
||
| 338 |
_avolumen _bnc _2rdacarrier |
||
| 500 | _aIncluye bibliografía y notas al pie de páginas. | ||
| 500 | _aIncluye índice onomástico. | ||
| 505 |
_aMemorias de un santiaguero-- _tIntroducción-- _tLicenciado Agustín Alejo Acevedo Fabián-- _t1895-1899-- _t1900-1901-- _t1902- finales de 1911-- _tFinales de 1911-1916-- _t1916-1930-- _t1930-1958-- _tAnexos-- _tGalería-- _tPersonajes mencionados en esta obras-- _tFamilia de Agustín Acevedo Fabián-- _tLugares mencionados en eta obra-- _tÍndice Onomástico. |
||
| 590 | _aInventariado 2024 / MF | ||
| 600 | 1 | 4 |
_aAcevedo Fabián, Agustín A. _985100 |
| 700 |
_aBonnelly Vega, Manuel Ulises, _eeditor _4ed. _984887 |
||
| 942 |
_2ddc _cLBS1 |
||
| 999 |
_c56212 _d56212 |
||